| 000 | 00467nam a2200181Ia 4500 | ||
|---|---|---|---|
| 003 | OSt | ||
| 005 | 20250307140522.0 | ||
| 008 | 210210b1948 xxu||||| |||| 00| 0 eng d | ||
| 040 | _cAL | ||
| 041 | _aKannada | ||
| 082 | _a859/239 | ||
| 100 |
_aINAMDAR (V M) _9137900 _dಇನಾಂದಾರ್ |
||
| 245 |
_aVijaya yatre _bವಿಜಯಯಾತ್ರೆ |
||
| 260 |
_aGokarna _b- _c1948 |
||
| 690 |
_aKannada Fiction _9137903 |
||
| 906 | _a021113 | ||
| 942 |
_2ddc _cBK |
||
| 999 |
_c145175 _d145175 |
||